000 00731nam a2200193Ia 4500
003 GCL
005 20240530095515.0
008 140319s9999 xx 000 0 ara d
040 _aGCL /
_cGCL
082 0 4 _a962.064
_bق/م ق
100 1 _aمحمود صالح منسى
245 1 0 _aمشروع قناة السويس بين اتباع سان سيمون وفردينان دى لسبس /
_cمحمود صالح منسى
260 _aالقاهرة :
_bالمؤلف
300 _a406 ص ؛
_c24 سم
650 0 4 _aمصر - تاريخ - العصر الحديث - عصر اسماعيل ( 1863-1879 م )
650 0 4 _aمصر - تاريخ - العصر الحديث
650 0 4 _aقناة السويس - تاريخ
942 _2ddc
_cBK
999 _c7911
_d7911